00259nam a2200109 4500082001400000100002300014245004900037260002500086300000700111490002100118650001000139 a546.4 HED aGeevarathne D.V.M. aSri Lankan Aromatic Plants of Economic Value aColombobCISIRc1981 a14 aSpice Oleoresins aSpice